| 000 | 00941cam a2200301 4500 | ||
|---|---|---|---|
| 001 | 3122353 | ||
| 003 | OSt | ||
| 005 | 20140310181626.0 | ||
| 008 | 690522s1968 iluac b 001 0beng | ||
| 010 | _a 68031306 | ||
| 040 |
_aDLC _cDLC _dDLC |
||
| 050 | 0 | 0 |
_aDS 481 .G195 1968 _b.T682 1968 |
| 082 | 0 | 0 |
_aREF 920 _bG11 1968 |
| 100 | 1 |
_aTorgersen, Don Arthur, _d1934- |
|
| 245 | 0 | 0 |
_aPeople of destiny : _bGandhi / _cby Don Arthur Torgersen. |
| 260 |
_aChicago, _bChildrens Press _c[c1968] |
||
| 300 |
_a95 p. _billus., ports. _c29 cm. |
||
| 490 | 0 | _aPeople of destiny: a humanities series | |
| 500 | _aIncludes Index | ||
| 504 | _aBibliography: p. 90-93. | ||
| 520 | _aIncludes Index | ||
| 521 | _aBasic Ed. Students | ||
| 541 | _j1 | ||
| 562 | _eFor circulation. 1 copy in the collection | ||
| 600 | 1 | 0 |
_aGandhi, _cMahatma, _d1869-1948. |
| 906 |
_a7 _bcbc _corignew _du _encip _f19 _gy-gencatlg |
||
| 942 |
_2lcc _cBK-GR _kREF |
||
| 999 |
_c305 _d305 |
||